000 00297nam a2200121 i 4500
001 bg
245 0 _aTablicy po wnutrennej konwersii y-lucej na wyssich obolockach atoma.
260 _aMinsk,
_c1972.
040 _cBPK
041 _apol
942 _cKS
008 s pl f |000 0 pol
999 _c14518
_d14518
856 _uhttp://koha.tu.koszalin.pl/cgi-bin/koha/opac-detail.pl?biblionumber=14518
_yKatalog online BPK